[Event "Schleswig Holstein-ch Seniors op 9th"]
[Site "Buesum"]
[Date "2015.10.07"]
[Round "9"]
[White "Nowack, Achim"]
[Black "Stecklina, Otto"]
[Result "1-0"]
[WhiteElo "1798"]
[BlackElo "1933"]
[PlyCount "79"]
[EventDate "2015.09.28"]
[EventType "swiss"]
[EventRounds "9"]
[EventCountry "GER"]
[SourceTitle "EXT 2018"]
[Source "ChessBase"]
[SourceDate "2017.10.13"]
[SourceVersion "1"]
[SourceVersionDate "2017.10.13"]
[SourceQuality "1"]

1. e4 c5 2. Nf3 Nc6 3. d3 e6 4. g3 Nf6 5. Bg2 d6 6. 0-0 Be7 7. Re1 e5 8. Nbd2 0-0 9. Nf1 Bg4 10. Ne3 Bh5 11. Nf5 Nd4 12. Nxe7+ Qxe7 13. c3 Nxf3+ 14. Bxf3 Bxf3 15. Qxf3 h6 16. Bd2 Qe6 17. Qg2 Nh7 18. f4 f5 19. exf5 Qxf5 20. Qd5+ Kh8 21. Rf1 Qg6 22. fxe5 dxe5 23. Qxe5 Rfe8 24. Qf5 Qb6 25. b3 Re2 26. Rf2 Rae8 27. Rxe2 Rxe2 28. Qc8+ Nf8 29. Qxf8+ Kh7 30. Qf5+ Kh8 31. Re1 c4+ 32. d4 Rxe1+ 33. Bxe1 cxb3 34. axb3 Qxb3 35. d5 a5 36. Qf8+ Kh7 37. d6 Qe6 38. Qe7 Qb3 39. d7 Qb6+ 40. Bf2 1-0

[Event "Schleswig Holstein-ch Seniors op 9th"]
[Site "Buesum"]
[Date "2015.10.06"]
[Round "8"]
[White "Stecklina, Otto"]
[Black "Brandt, Fred"]
[Result "1/2-1/2"]
[WhiteElo "1933"]
[BlackElo "1839"]
[PlyCount "120"]
[EventDate "2015.09.28"]
[EventType "swiss"]
[EventRounds "9"]
[EventCountry "GER"]
[SourceTitle "EXT 2018"]
[Source "ChessBase"]
[SourceDate "2017.10.13"]
[SourceVersion "1"]
[SourceVersionDate "2017.10.13"]
[SourceQuality "1"]

1. Nf3 Nf6 2. d4 e6 3. c4 d5 4. Nc3 Bd6 5. Bg5 c6 6. e3 Nbd7 7. Bd3 h6 8. Bh4 0-0 9. e4 dxe4 10. Nxe4 Be7 11. 0-0 Nxe4 12. Bxe7 Qxe7 13. Bxe4 Nf6 14. Bc2 b6 15. Re1 Bb7 16. Qd3 Rfd8 17. Rad1 Rd6 18. Nh4 Qc7 19. Nf3 Rad8 20. Qa3 Ba8 21. Qe3 c5 22. dxc5 bxc5 23. Rxd6 Rxd6 24. b3 Qc6 25. Qf4 Qc7 26. h3 Qe7 27. Qe3 Nd7 28. Be4 Qd8 29. Qf4 Nb6 30. Ne5 f6 31. Nf3 e5 32. Qf5 Bxe4 33. Qxe4 Kf7 34. Qf5 Nd7 35. Kf1 g6 36. Qc2 Nf8 37. Qc1 Kg7 38. Qe3 Ne6 39. Qe4 Ng5 40. Nxg5 hxg5 41. h4 gxh4 42. Qxh4 Rd4 43. Qg3 Rd2 44. a4 Rd3 45. Re3 Rxb3 46. Qf3 Rb1+ 47. Re1 Rxe1+ 48. Kxe1 Qa5+ 49. Ke2 Qxa4 50. Qd3 Qc6 51. Kf1 a5 52. Qd8 a4 53. Qe7+ Kh6 54. Qd8 Qe6 55. Qf8+ Kg5 56. Qxc5 f5 57. Qb4 Qd7 58. Ke2 e4 59. Qc3 Qc6 60. Qb4 Qd7 1/2-1/2

[Event "Schleswig Holstein-ch Seniors op 9th"]
[Site "Buesum"]
[Date "2015.10.05"]
[Round "7"]
[White "Berenstein, Alexander"]
[Black "Stecklina, Otto"]
[Result "1-0"]
[WhiteElo "2030"]
[BlackElo "1933"]
[PlyCount "105"]
[EventDate "2015.09.28"]
[EventType "swiss"]
[EventRounds "9"]
[EventCountry "GER"]
[SourceTitle "EXT 2018"]
[Source "ChessBase"]
[SourceDate "2017.10.13"]
[SourceVersion "1"]
[SourceVersionDate "2017.10.13"]
[SourceQuality "1"]

1. e4 c5 2. Bc4 e6 3. Nc3 Nc6 4. d3 Nf6 5. Bg5 Be7 6. Nge2 a6 7. a4 h6 8. Bh4 Ne5 9. Bb3 0-0 10. Bg3 d6 11. f4 Nc6 12. 0-0 Nd4 13. Nxd4 cxd4 14. Ne2 Qb6 15. h3 Bd7 16. Qe1 Bc6 17. Qf2 d5 18. e5 Nd7 19. Kh1 Bc5 20. f5 exf5 21. Qxf5 Rae8 22. Rae1 Re6 23. Nf4 Ree8 24. Nxd5 Qd8 25. Nf4 Bb4 26. Re2 Qg5 27. Qxg5 hxg5 28. Ng6 Nc5 29. Ba2 Nxa4 30. Nxf8 Rxf8 31. e6 fxe6 32. Bxe6+ Kh8 33. Rxf8+ Bxf8 34. b3 Nc3 35. Rf2 Bc5 36. Rf5 Be7 37. Be5 Ne2 38. Rf2 Nf4 39. Bxf4 gxf4 40. Rxf4 Bf6 41. Kg1 Kh7 42. Kf2 Kh6 43. g3 Kg6 44. Bf5+ Kf7 45. Be4 Ke6 46. Bxc6 bxc6 47. Re4+ Kd7 48. h4 c5 49. Kf3 a5 50. Kg4 Kd6 51. Kf5 Kc6 52. h5 Kb5 53. h6 1-0

[Event "Schleswig Holstein-ch Seniors op 9th"]
[Site "Buesum"]
[Date "2015.09.29"]
[Round "2"]
[White "Stecklina, Otto"]
[Black "Villing, Dieter"]
[Result "0-1"]
[WhiteElo "1933"]
[BlackElo "2066"]
[PlyCount "68"]
[EventDate "2015.09.28"]
[EventType "swiss"]
[EventRounds "9"]
[EventCountry "GER"]
[SourceTitle "EXT 2018"]
[Source "ChessBase"]
[SourceDate "2017.10.13"]
[SourceVersion "1"]
[SourceVersionDate "2017.10.13"]
[SourceQuality "1"]

1. Nf3 d6 2. d4 Bg4 3. e3 Nd7 4. Be2 Ngf6 5. c4 e5 6. dxe5 dxe5 7. Nc3 c6 8. 0-0 Be7 9. h3 Bh5 10. Nh2 Bg6 11. Ng4 Nxg4 12. Bxg4 h5 13. Bf3 Nc5 14. e4 Ne6 15. Be3 Nd4 16. Bxd4 exd4 17. Ne2 d3 18. Nf4 d2 19. Nxg6 fxg6 20. Qc2 Qd4 21. e5 0-0-0 22. Qxg6 Qxe5 23. Qe4 Qxe4 24. Bxe4 Bf6 25. Rab1 Rd4 26. Bf5+ Kc7 27. Rfd1 Rhd8 28. b3 Rf4 29. Bg6 h4 30. Bh5 Bc3 31. Bf3 Re8 32. Kf1 Kb6 33. a4 a5 34. Bg4 Rfe4 0-1

[Event "MVP-ch Seniors op 13th"]
[Site "Binz"]
[Date "2013.12.02"]
[Round "6"]
[White "Stecklina, Otto"]
[Black "Graffenberger, Wilhelm"]
[Result "1-0"]
[WhiteElo "1654"]
[BlackElo "1470"]
[PlyCount "113"]
[EventDate "2013.11.27"]
[EventType "swiss"]
[EventRounds "9"]
[EventCountry "GER"]
[SourceTitle "EXT 2015"]
[Source "ChessBase"]
[SourceDate "2014.11.20"]
[SourceVersion "1"]
[SourceVersionDate "2014.11.20"]
[SourceQuality "1"]

1. Nf3 d5 2. d4 Nf6 3. g3 Nbd7 4. Bg2 Ne4 5. Nbd2 Ndf6 6. Nxe4 Nxe4 7. Nd2 Bf5 8. 0-0 Qd7 9. f3 Nxd2 10. Bxd2 e6 11. Bf4 c5 12. c3 Be7 13. e4 Bg6 14. Re1 0-0 15. Be3 c4 16. Bf2 f6 17. Qe2 Bf7 18. exd5 Qxd5 19. f4 Qb5 20. b3 Rac8 21. Rab1 Qa6 22. b4 Rfe8 23. Ra1 Qd6 24. Bxb7 Rc7 25. Bg2 Bf8 26. Qd1 Rce7 27. a4 Qc7 28. Ra2 Rd7 29. Rd2 e5 30. fxe5 fxe5 31. dxe5 Rxd2 32. Qxd2 Rxe5 33. Rxe5 Qxe5 34. Bxa7 Qf5 35. Qe1 Qd7 36. Bd4 Qxa4 37. Be4 Qd7 38. Qf2 Qg4 39. Bxh7+ Kxh7 40. Qxf7 Qd1+ 41. Qf1 Qxf1+ 42. Kxf1 Kg6 43. Ke2 Kf5 44. Kf3 g6 45. h3 Ke6 46. Ke4 Bd6 47. g4 Bg3 48. Bh8 Bf2 49. Bd4 Bg3 50. b5 Kd6 51. b6 Kc6 52. Kf3 Bh2 53. h4 Kd5 54. h5 gxh5 55. gxh5 Be5 56. Bxe5 Kxe5 57. b7 1-0

[Event "SH-ch Seniors op"]
[Site "Eckernfoerde"]
[Date "2012.10.04"]
[Round "6.9"]
[White "Niebuhr, Gerd"]
[Black "Stecklina, Otto"]
[Result "1-0"]
[WhiteElo "2071"]
[BlackElo "1943"]
[PlyCount "50"]
[EventDate "2012.09.29"]
[EventType "swiss"]
[EventRounds "7"]
[EventCountry "GER"]
[SourceTitle "EXT 2022"]
[Source "ChessBase"]
[SourceDate "2021.10.06"]
[SourceVersion "1"]
[SourceVersionDate "2021.10.06"]
[SourceQuality "1"]

1. d4 d5 2. c4 c6 3. Nf3 e6 4. Nc3 Nf6 5. e3 Be7 6. Bd3 Nbd7 7. 0-0 0-0 8. b3 b6 9. Bb2 Bb7 10. Qe2 c5 11. Rfd1 Ne4 12. cxd5 Nxc3 13. Bxc3 exd5 14. Rac1 Nf6 15. Ne5 Ne4 16. Bxe4 dxe4 17. dxc5 Qc8 18. cxb6 axb6 19. Nd7 Rd8 20. Nxb6 Rxd1+ 21. Qxd1 Qd8 22. Nxa8 Qxa8 23. Qd7 Bf8 24. Rd1 h6 25. Qd8 Qxa2 1-0

[Event "MVP-ch Seniors op 11th"]
[Site "Binz"]
[Date "2011.12.05"]
[Round "6.41"]
[White "Stecklina, Otto"]
[Black "Hellwege, Werner"]
[Result "0-1"]
[WhiteElo "1654"]
[BlackElo "1871"]
[PlyCount "93"]
[EventDate "2011.11.30"]
[EventType "swiss"]
[EventRounds "9"]
[EventCountry "GER"]
[SourceTitle "EXT 2013"]
[Source "ChessBase"]
[SourceDate "2012.11.22"]
[SourceVersion "1"]
[SourceVersionDate "2012.11.22"]
[SourceQuality "1"]

1. Nf3 d5 2. g3 b6 3. Bg2 Bb7 4. d4 Nf6 5. 0-0 e6 6. Nbd2 c5 7. c3 Nbd7 8. Re1 Bd6 9. Nb3 h6 10. dxc5 bxc5 11. Be3 0-0 12. Qc1 Ng4 13. Bf4 e5 14. Bd2 e4 15. Nh4 Qf6 16. f3 Nxh2 17. Bf4 g5 18. Bxd6 gxh4 19. Bxf8 Rxf8 20. Kxh2 hxg3+ 21. Kxg3 Kh8 22. Kf2 Qh4+ 23. Kf1 f5 24. Qe3 f4 25. Qg1 e3 26. Rad1 Rg8 27. Nc1 Nf6 28. Nd3 Nh5 29. Qh1 Qg5 30. Qh3 Bc8 31. Qh2 Ng3+ 32. Kg1 c4 33. Ne5 Be6 34. Ng4 h5 35. Rd4 Rg7 36. b3 cxb3 37. axb3 Rh7 38. Rb4 hxg4 39. Rb8+ Bg8 40. fxg4 Rxh2 41. Kxh2 Qe5 42. Rd8 Kg7 43. Ra1 Qe7 44. Ra8 Qh4+ 45. Bh3 Nxe2 46. R8xa7+ Kh8 47. R1a6 0-1

[Event "Niedersachsen-ch Seniors 44th"]
[Site "Cadenberge"]
[Date "2010.04.19"]
[Round "7"]
[White "Dornieden, Manfred"]
[Black "Stecklina, Otto"]
[Result "1-0"]
[WhiteElo "2122"]
[BlackElo "1711"]
[PlyCount "109"]
[EventDate "2010.04.13"]
[EventType "swiss"]
[EventRounds "9"]
[EventCountry "GER"]
[SourceTitle "EXT 2019"]
[Source "ChessBase"]
[SourceDate "2018.10.10"]
[SourceVersion "1"]
[SourceVersionDate "2018.10.10"]
[SourceQuality "1"]

1. c4 Nf6 2. Nf3 e6 3. g3 d5 4. Bg2 c6 5. b3 Nbd7 6. 0-0 Be7 7. Bb2 0-0 8. d3 h6 9. Nbd2 Nh7 10. e4 Nc5 11. Qc2 Ng5 12. Nxg5 Bxg5 13. cxd5 exd5 14. Qxc5 Bxd2 15. Qd4 f6 16. exd5 cxd5 17. Qxd5+ Qxd5 18. Bxd5+ Kh8 19. Bf3 Rd8 20. d4 Ba5 21. Rfd1 Rb8 22. d5 b5 23. Bd4 Bb6 24. b4 Bxd4 25. Rxd4 Rd6 26. Rc1 Bb7 27. Rc7 a6 28. Be4 Ba8 29. f4 Rbd8 30. Rc5 Bb7 31. Kf2 Bc8 32. Ke3 Bd7 33. Bg6 Kg8 34. Re4 f5 35. Re7 Rxg6 36. Rc7 Rd6 37. Re5 g6 38. a3 Kf8 39. h4 Re8 40. Kd4 Rd8 41. Kc5 Be8 42. Rh7 h5 43. Rh8+ Kf7 44. Rhxe8 Rxd5+ 45. Rxd5 Rxe8 46. Rd7+ Kf6 47. Rd6+ Kf7 48. Rxa6 Re3 49. Kxb5 Rxg3 50. a4 Rg4 51. a5 Rxf4 52. Rc6 Re4 53. a6 f4 54. a7 Re8 55. Rc4 1-0

[Event "Niedersachsen-ch Seniors 44th"]
[Site "Cadenberge"]
[Date "2010.04.16"]
[Round "4"]
[White "Hoose, Hannelore"]
[Black "Stecklina, Otto"]
[Result "0-1"]
[WhiteElo "1499"]
[BlackElo "1711"]
[PlyCount "107"]
[EventDate "2010.04.13"]
[EventType "swiss"]
[EventRounds "9"]
[EventCountry "GER"]
[SourceTitle "EXT 2019"]
[Source "ChessBase"]
[SourceDate "2018.10.10"]
[SourceVersion "1"]
[SourceVersionDate "2018.10.10"]
[SourceQuality "1"]

1. e4 c5 2. c3 e6 3. Nf3 Nc6 4. Bb5 Nf6 5. Qa4 a6 6. 0-0 Be7 7. Re1 0-0 8. d4 Na5 9. Bf1 b5 10. Qc2 Bb7 11. dxc5 Bxc5 12. b4 Bxf2+ 13. Kxf2 Nc4 14. Bxc4 bxc4 15. Kf1 d5 16. exd5 Qxd5 17. Qd2 Qf5 18. Re5 Qd3+ 19. Qxd3 cxd3 20. Nbd2 Rad8 21. h3 Nd5 22. Bb2 Nf4 23. Kf2 f6 24. Ree1 e5 25. Rad1 Rfe8 26. h4 Ne2 27. g3 e4 28. Nxe4 Bxe4 29. Nd4 Nxd4 30. cxd4 Rc8 31. Rd2 Rc2 32. Rxc2 dxc2 33. a3 f5 34. Re3 Rc8 35. Re1 g6 36. Ke3 Kf7 37. Kd2 Ke6 38. g4 Rc6 39. gxf5+ gxf5 40. Rg1 Kd5 41. Rg3 Rh6 42. Rh3 Rg6 43. Rh2 Rg3 44. Ke2 Rb3 45. Bc1 Kxd4 46. Kd2 Rg3 47. h5 Kc4 48. h6 Kb3 49. Ke2 Rg1 50. Rh3+ Kc4 51. Bd2 c1Q 52. Bxc1 Rxc1 53. Rg3 Rh1 54. Rg7 0-1

[Event "Niedersachsen-ch Seniors 42th"]
[Site "Sottrum"]
[Date "2008.04.12"]
[Round "3"]
[White "Stecklina, Otto"]
[Black "Rickers, Gerd"]
[Result "1/2-1/2"]
[WhiteElo "1800"]
[BlackElo "1951"]
[PlyCount "58"]
[EventDate "2008.04.10"]
[EventType "swiss"]
[EventRounds "9"]
[EventCountry "GER"]
[SourceTitle "EXT 2022"]
[Source "ChessBase"]
[SourceDate "2021.10.06"]
[SourceVersion "1"]
[SourceVersionDate "2021.10.06"]
[SourceQuality "1"]

1. d4 d5 2. c4 c6 3. Nc3 Nf6 4. Nf3 dxc4 5. e4 b5 6. e5 Nd5 7. Be2 e6 8. 0-0 Bb7 9. Ne4 Be7 10. Bg5 0-0 11. Bxe7 Qxe7 12. Nd6 f5 13. Qd2 a6 14. Ng5 Ra7 15. a4 Bc8 16. Bh5 g6 17. Bf3 h6 18. Ngf7 Rc7 19. Nxh6+ Kh7 20. Ra3 b4 21. Raa1 c3 22. bxc3 bxc3 23. Qc1 Qh4 24. Rb1 Qxh6 25. Rxb8 Qxc1 26. Rxc1 Rg8 27. g3 Bd7 28. Rb7 Rxb7 29. Nxb7 Rb8 1/2-1/2

[Event "Niedersachsen-ch Seniors 41st"]
[Site "Sottrum"]
[Date "2007.03.28"]
[Round "7"]
[White "Mann, Klaus Dieter"]
[Black "Stecklina, Otto"]
[Result "1-0"]
[WhiteElo "1900"]
[BlackElo "1726"]
[PlyCount "85"]
[EventDate "2007.03.22"]
[EventType "swiss"]
[EventRounds "9"]
[EventCountry "GER"]
[SourceTitle "EXT 2022"]
[Source "ChessBase"]
[SourceDate "2021.10.06"]
[SourceVersion "1"]
[SourceVersionDate "2021.10.06"]
[SourceQuality "1"]

1. e4 c5 2. Nf3 Nc6 3. Bb5 d6 4. 0-0 Nf6 5. Re1 e5 6. h3 Be7 7. c3 0-0 8. d4 cxd4 9. cxd4 exd4 10. Nxd4 Qb6 11. Nxc6 bxc6 12. Bd3 Ba6 13. Nc3 Bxd3 14. Qxd3 Rad8 15. Rb1 Nd7 16. Qc2 Bf6 17. Be3 Qb7 18. Red1 Ne5 19. b3 d5 20. f4 Ng6 21. e5 Be7 22. Na4 Qb5 23. Qf2 Ra8 24. g3 Rfc8 25. Rbc1 Qb7 26. Bd4 Qd7 27. f5 Nf8 28. g4 Qb7 29. Re1 Qb4 30. Re2 Nd7 31. Rec2 Bg5 32. Rd1 Nb6 33. Bxb6 axb6 34. Nxb6 d4 35. Nc4 c5 36. Rd3 Re8 37. Re2 Qb8 38. Qf3 Be3+ 39. Nxe3 dxe3 40. Rdxe3 c4 41. e6 fxe6 42. fxe6 Qa7 43. Qf7+ 1-0

[Event "Niedersachsen-ch Seniors 41st"]
[Site "Sottrum"]
[Date "2007.03.23"]
[Round "2"]
[White "Stecklina, Otto"]
[Black "Ebersbach, Wolrad"]
[Result "1-0"]
[WhiteElo "1726"]
[BlackElo "1739"]
[PlyCount "77"]
[EventDate "2007.03.22"]
[EventType "swiss"]
[EventRounds "9"]
[EventCountry "GER"]
[SourceTitle "EXT 2022"]
[Source "ChessBase"]
[SourceDate "2021.10.06"]
[SourceVersion "1"]
[SourceVersionDate "2021.10.06"]
[SourceQuality "1"]

1. d4 Nf6 2. c4 g6 3. Nc3 d5 4. e3 Bg7 5. Nf3 0-0 6. Be2 c6 7. 0-0 Nbd7 8. cxd5 cxd5 9. b3 b6 10. Bb2 Bb7 11. Rc1 Rc8 12. Bd3 Ne4 13. Qe2 Nb8 14. Ne5 f6 15. Nf3 a6 16. Nd2 Nxc3 17. Bxc3 e5 18. dxe5 fxe5 19. e4 d4 20. Bb4 Re8 21. Nc4 Rc6 22. Ba3 Qd7 23. Nd2 b5 24. Rxc6 Nxc6 25. Nf3 Bh6 26. b4 Qe7 27. Rb1 Rc8 28. Qd1 Na5 29. Bc1 Bxc1 30. Rxc1 Rxc1 31. Qxc1 Qxb4 32. Nxe5 Qc3 33. Qf4 Qc7 34. Qf6 Bxe4 35. Qe6+ Kg7 36. Ng4 Qc1+ 37. Bf1 Qf4 38. Qe7+ Kh8 39. Nf6 1-0

[Event "Mecklenburg VP-ch Seniors op 06th"]
[Site "Plau am See"]
[Date "2006.10.08"]
[Round "5"]
[White "Stecklina, Otto"]
[Black "Schlag, Franz"]
[Result "1/2-1/2"]
[WhiteElo "1728"]
[BlackElo "1952"]
[PlyCount "105"]
[EventDate "2006.10.04"]
[EventType "swiss"]
[EventRounds "9"]
[EventCountry "GER"]
[SourceTitle "EXT 2022"]
[Source "ChessBase"]
[SourceDate "2021.10.06"]
[SourceVersion "1"]
[SourceVersionDate "2021.10.06"]
[SourceQuality "1"]

1. d4 d5 2. c4 Nc6 3. e3 Nf6 4. Nc3 Rb8 5. Nf3 Bg4 6. h3 Bf5 7. Bd3 Bg6 8. 0-0 e6 9. cxd5 exd5 10. Ne5 Bb4 11. Nxg6 hxg6 12. Qf3 a6 13. Ne2 Qe7 14. a3 Ba5 15. b4 Bb6 16. b5 Nd8 17. Nf4 c6 18. bxa6 bxa6 19. Bxa6 Bc7 20. Bd2 g5 21. Bb4 Qd7 22. Rfe1 Rxb4 23. axb4 gxf4 24. exf4+ Kf8 25. Bd3 Rh4 26. g4 Nxg4 27. hxg4 Rxg4+ 28. Kf1 Rxf4 29. Qh1 Ne6 30. Qh8+ Ke7 31. Qxg7 Qd6 32. Rxe6+ Kxe6 33. Re1+ Kd7 34. Qg8 Bd8 35. b5 Qf6 36. Qe8+ Kc7 37. Re2 Rh4 38. bxc6 Rxd4 39. Qd7+ Kb6 40. Qb7+ Kc5 41. Rc2+ Rc4 42. Bxc4 Qa1+ 43. Kg2 Qg7+ 44. Kf1 Qa1+ 45. Ke2 Qe5+ 46. Kd1 dxc4 47. Qa7+ Bb6 48. Qa3+ Kxc6 49. Rxc4+ Bc5 50. Qf3+ Qd5+ 51. Ke2 Qxf3+ 52. Kxf3 Kd5 53. Rxc5+ 1/2-1/2

[Event "Mecklenburg VP-ch Seniors op 06th"]
[Site "Plau am See"]
[Date "2006.10.06"]
[Round "3"]
[White "Stecklina, Otto"]
[Black "Erdmann, Wolfgang"]
[Result "1/2-1/2"]
[WhiteElo "1728"]
[BlackElo "1536"]
[PlyCount "40"]
[EventDate "2006.10.04"]
[EventType "swiss"]
[EventRounds "9"]
[EventCountry "GER"]
[SourceTitle "EXT 2022"]
[Source "ChessBase"]
[SourceDate "2021.10.06"]
[SourceVersion "1"]
[SourceVersionDate "2021.10.06"]
[SourceQuality "1"]

1. d4 d5 2. c4 c6 3. Nc3 e6 4. Nf3 Nf6 5. e3 Be7 6. Bd3 0-0 7. 0-0 Nbd7 8. e4 dxe4 9. Nxe4 Nxe4 10. Bxe4 Nf6 11. Bc2 c5 12. Be3 Qc7 13. Qe2 b6 14. Bg5 cxd4 15. Bxf6 Bxf6 16. Qe4 g6 17. Qxa8 Bb7 18. Qxa7 Ra8 19. Qxa8+ Bxa8 20. Bb3 e5 1/2-1/2

[Event "Niedersachsen-ch Seniors 40th"]
[Site "Wingst"]
[Date "2006.04.10"]
[Round "7"]
[White "Stecklina, Otto"]
[Black "Ahrens, Gerhard"]
[Result "0-1"]
[WhiteElo "1816"]
[BlackElo "1962"]
[PlyCount "82"]
[EventDate "2006.04.04"]
[EventType "swiss"]
[EventRounds "9"]
[EventCountry "GER"]
[SourceTitle "EXT 2007"]
[Source "ChessBase"]
[SourceDate "2006.11.23"]
[SourceVersion "1"]
[SourceVersionDate "2006.11.23"]
[SourceQuality "1"]

1. d4 Nf6 2. c4 e6 3. Nc3 b6 4. Nf3 Bb7 5. e3 d6 6. Be2 Nbd7 7. 0-0 Be7 8. Qc2 c5 9. b3 Rc8 10. Bb2 d5 11. Qd1 dxc4 12. Bxc4 Bd6 13. d5 exd5 14. Nxd5 0-0 15. Re1 Re8 16. Qd3 Nxd5 17. Bxd5 Ne5 18. Bxe5 Bxe5 19. Rad1 Bxd5 20. Qxd5 Bf6 21. Qf5 Qc7 22. Rd7 Qc6 23. Red1 g6 24. Qd3 Rcd8 25. Rxd8 Rxd8 26. Qc2 Rd6 27. h3 b5 28. Rc1 Rd5 29. e4 Rh5 30. Re1 Be7 31. Nh2 c4 32. Ng4 c3 33. e5 Kg7 34. Re3 b4 35. Re4 a5 36. Rc4 Qd5 37. Ne3 Qxe5 38. Re4 Qc7 39. Qd3 Re5 40. Qd4 Bf6 41. Nd5 c2 0-1

[Event "Mecklenburg VP-ch Seniors 04th"]
[Site "Plau am See"]
[Date "2004.10.11"]
[Round "8"]
[White "Stecklina, Otto"]
[Black "Johannsen, Ingbert"]
[Result "1/2-1/2"]
[WhiteElo "1860"]
[BlackElo "2136"]
[PlyCount "114"]
[EventDate "2004.10.04"]
[EventType "swiss"]
[EventRounds "9"]
[EventCountry "GER"]
[SourceTitle "EXT 2006"]
[Source "ChessBase"]
[SourceDate "2005.11.24"]
[SourceVersion "1"]
[SourceVersionDate "2005.11.24"]
[SourceQuality "1"]

1. d4 e6 2. c4 d5 3. Nc3 Nf6 4. e3 Be7 5. Nf3 0-0 6. Bd3 Re8 7. 0-0 Nbd7 8. Qc2 Nf8 9. b3 c6 10. Bb2 b6 11. Ne2 Bb7 12. Ng3 Rc8 13. Rac1 dxc4 14. Bxc4 Nd5 15. Qe2 Bd6 16. Ba6 Bxa6 17. Qxa6 Bb8 18. Qe2 Ng6 19. Rfd1 Qe7 20. Ne4 f5 21. Nc3 Nf6 22. h3 e5 23. dxe5 Nxe5 24. Nxe5 Qxe5 25. g3 Qe6 26. Qf3 Be5 27. Ba3 Rcd8 28. Ne2 c5 29. Nf4 Qf7 30. Nd3 Qe6 31. Nxe5 Qxe5 32. Qb7 Nd5 33. Re1 h5 34. h4 Re7 35. Qa6 Red7 36. Qe2 g6 37. Bb2 Qe4 38. f3 Qe6 39. Ba1 Nb4 40. Qb2 Kh7 41. Rcd1 Qg8 42. Rxd7+ Rxd7 43. Qe2 Qd8 44. Qc4 Qc7 45. f4 Nd5 46. Qc1 Qd8 47. e4 fxe4 48. Rxe4 Nf6 49. Re1 Kg7 50. Qc3 Kf7 51. Qc4+ Kg7 52. Qe6 Rf7 53. f5 Qd3 54. Bxf6+ Rxf6 55. Qe7+ Rf7 56. f6+ Kh6 57. Qxf7 Qxg3+ 1/2-1/2